| 000 | 00390nam a2200157Ia 4500 | ||
|---|---|---|---|
| 008 | 180921t2015 xxu||||| |||| 00| 0 eng d | ||
| 041 | _aeng | ||
| 080 |
_a294.3 _bSAD |
||
| 100 | _aSaddhatissa Thera,S. | ||
| 245 | _aHandbook of Buddhists | ||
| 260 |
_bMaha Bodhi Society _aBanaras _c2015 |
||
| 300 | _b158p, 10cm | ||
| 942 | _cBK | ||
| 999 |
_c4758 _d4758 |
||
| 003 | LK-CoDNM | ||
| 040 |
_aLK-CoDNM _dLK-CoDNM _eLK-CoDNM |
||